000 00583nam a22001937a 4500
005 20241213112032.0
008 241213b ||||| |||| 00| 0 eng d
040 _cAL
041 _aEnglish
082 _223
_a348.04
_bEASS
100 _aEastern Book Company
_9190707
245 _aSupreme Court Cases:
_bSupplement Volume
260 _aLucknow
_bEastern Book Company
_c1985
300 _axiv,838 p.
_bHB
_c24x16 cm.
365 _a1061
_b₹959.52
_c
_d₹1279.36
_e25%
_f28-11-2024
650 _aLaw
_9190708
650 _aMode of Citation 1985 Supp SCC
_9190709
942 _2ddc
_cBI
999 _c232821
_d232821